000 00223nam a2200085Ia 4500
008 170617s9999 xx 000 0 und d
100 _aCHANDRUL- KAUSHAL K.
245 0 _aDRUG REGULATORY AFFAIRS & VALIDATION
260 _bJAIPUR- VARDHANS
260 _c2009
999 _c15468
_d15468